讨董十八路诸侯 - Statistics

General Stats
  • This quiz has been taken 495 times
  • The average score is 9 of 18
Answer Stats
Hint Answer % Correct
渤海太守 袁绍
96%
典军校尉 曹操
96%
南阳太守 袁术
85%
长沙太守 孙坚
82%
北平太守 公孙瓒
78%
北海太守 孔融
71%
西凉太守 马腾
67%
徐州刺史 陶谦
63%
冀州刺史 韩馥
38%
济北相 鲍信
35%
兖州刺史 刘岱
23%
陈郡太守 张邈
21%
上党太守 张杨
20%
河内太守 王匡
18%
东郡太守 乔瑁
16%
山阳太守 袁遗
15%
广陵太守 张超
15%
豫州刺史 孔伷
14%
No matching quizzes found
Score Distribution
Percent of People with Each Score
Percentile by Number Answered
Your Score History
You have not taken this quiz